[Event "Mistrzostwa Polski Seniorow oraz Osob Ni"]
[Site "WZW "]
[Date "2013.10.04"]
[Round "7.1"]
[White "Wojcieszyn, Zdzislaw"]
[Black "Kawula, Andrzej"]
[Result "1/2-1/2"]
[WhiteElo "2005"]
[BlackElo "1990"]
[PlyCount "60"]
[EventDate "2013.??.??"]

1. c4 e5 2. Nc3 Nf6 3. Nf3 Nc6 4. d4 exd4 5. Nxd4 Nxd4 6. Qxd4 Be7 7. g3 O-O 8.
Bg2 d6 9. O-O a6 10. e4 Rb8 11. a4 Bd7 12. Rd1 Qc8 13. a5 Re8 14. Nd5 Nxd5 15.
cxd5 Bf6 16. Qd2 Bh3 17. Qc2 Bxg2 18. Kxg2 Qd7 19. Ra3 Rbc8 20. Bd2 c5 21. Bc3
Qe7 22. Bxf6 Qxf6 23. Rb3 Qe7 24. f3 Rc7 25. Qc3 f5 26. Re1 Kf7 27. Kf2 Qf6 28.
Qxf6+ Kxf6 29. Rb6 Rd7 30. Re2 g5 1/2-1/2

[Event "Mistrzostwa Polski Seniorow oraz Osob Ni"]
[Site "WZW "]
[Date "2013.10.04"]
[Round "7.2"]
[White "Gasik, Piotr"]
[Black "Muc, Zbigniew"]
[Result "1-0"]
[WhiteElo "2143"]
[BlackElo "1743"]
[PlyCount "85"]
[EventDate "2013.??.??"]

1. c4 e5 2. Nf3 Nc6 3. d4 exd4 4. Nxd4 Nxd4 5. Qxd4 Nf6 6. Nc3 Be7 7. g3 O-O 8.
Bg2 c6 9. O-O h6 10. Bf4 Qa5 11. Rad1 Rd8 12. Qe5 Qxe5 13. Bxe5 d6 14. Bd4 Be6
15. b3 Ng4 16. h3 Nf6 17. e4 Nh7 18. Rd2 b6 19. Rfd1 Rac8 20. Be3 Nf6 21. Bf4
Ne8 22. g4 g5 23. Bg3 Bf6 24. Ne2 Be7 25. Nd4 Bd7 26. Nc2 Be6 27. Ne3 Bf8 28.
Nf5 Bxf5 29. gxf5 f6 30. Bf3 a6 31. Be2 c5 32. Kh2 Rc6 33. f4 Rb8 34. Rf1 b5
35. h4 Be7 36. Kh3 gxh4 37. Bxh4 Kf8 38. Rg1 Bd8 39. Rg6 Ba5 40. Rc2 Rc7 41.
Bxf6 Rf7 42. Bh4 Bc7 43. Bd3 1-0

[Event "Mistrzostwa Polski Seniorow oraz Osob Ni"]
[Site "WZW "]
[Date "2013.10.04"]
[Round "7.3"]
[White "Niecko, Stanislaw"]
[Black "Kosny, Marek"]
[Result "0-1"]
[WhiteElo "1817"]
[BlackElo "1961"]
[PlyCount "40"]
[EventDate "2013.??.??"]

1. c4 c5 2. Nf3 g6 3. d4 cxd4 4. Nxd4 Bg7 5. Nc3 Nc6 6. e3 Nf6 7. g3 d6 8. Nxc6
bxc6 9. Bg2 Bd7 10. Qc2 O-O 11. O-O Rb8 12. b3 Qa5 13. Bb2 Ng4 14. h3 Ne5 15.
Na4 f6 16. c5 d5 17. Kh2 Nf7 18. e4 e6 19. Rfe1 Rfe8 20. exd5 cxd5 0-1

[Event "Mistrzostwa Polski Seniorow oraz Osob Ni"]
[Site "WZW "]
[Date "2013.10.04"]
[Round "7.4"]
[White "Lada, Ireneusz"]
[Black "Rychlik, Bogdan"]
[Result "1-0"]
[WhiteElo "1933"]
[BlackElo "1780"]
[PlyCount "39"]
[EventDate "2013.??.??"]

1. c4 e6 2. Nf3 Nf6 3. g3 b6 4. Bg2 Bb7 5. O-O g6 6. Qc2 Bg7 7. Nc3 O-O 8. d4
d5 9. Ne5 Nbd7 10. Rd1 Rc8 11. Qa4 Nxe5 12. dxe5 Nd7 13. cxd5 Nc5 14. Qc2 exd5
15. Nxd5 Bxd5 16. Bxd5 Qe7 17. f4 Rcd8 18. Be3 Nd7 19. Qc6 Kh8 20. Rac1 1-0

[Event "Mistrzostwa Polski Seniorow oraz Osob Ni"]
[Site "WZW "]
[Date "2013.10.04"]
[Round "7.5"]
[White "Solek, Zenon"]
[Black "Feliksinski, Tadeusz"]
[Result "1/2-1/2"]
[WhiteElo "1820"]
[BlackElo "1713"]
[PlyCount "80"]
[EventDate "2013.??.??"]

1. e4 d5 2. exd5 Qxd5 3. Nc3 Qa5 4. Bc4 Nf6 5. Nf3 Bg4 6. h3 Bh5 7. g4 Bg6 8.
d3 Nc6 9. Bd2 e6 10. Nd5 Bb4 11. Nxb4 Nxb4 12. a3 Nxd3+ 13. cxd3 Qc5 14. O-O
O-O-O 15. Be3 Qd6 16. Qa4 a6 17. Qb4 Qxb4 18. axb4 Bxd3 19. Bxd3 Rxd3 20. Ra3
Rdd8 21. Bg5 h6 22. Bh4 Rd5 23. Bxf6 gxf6 24. Ra5 Rhd8 25. Rc1 c6 26. Rac5 Rd1+
27. Kg2 e5 28. R1c2 Kb8 29. R5c4 Kc7 30. Nh4 Kd7 31. Nf5 Rh8 32. Ne3 Rd6 33.
Re4 Kc7 34. Kf1 Rd7 35. Ke2 Rhd8 36. Rec4 Kb6 37. h4 h5 38. gxh5 Rh8 39. Ng2 f5
40. Ne3 f4 1/2-1/2

[Event "Mistrzostwa Polski Seniorow oraz Osob Ni"]
[Site "WZW "]
[Date "2013.10.04"]
[Round "7.6"]
[White "Kondrusik, Aleksander"]
[Black "Santura, Janusz"]
[Result "0-1"]
[WhiteElo "1530"]
[BlackElo "1807"]
[PlyCount "50"]
[EventDate "2013.??.??"]

1. e4 c6 2. d4 d5 3. Nc3 dxe4 4. Nxe4 Bf5 5. Ng3 Bg6 6. f4 e6 7. h4 h6 8. Nf3
Nd7 9. c3 Bd6 10. Ne5 Bh7 11. Be2 Ne7 12. Bd3 Bxd3 13. Nxd3 Nf6 14. Ne5 Qc7 15.
Bd2 Rd8 16. Qe2 O-O 17. Ne4 Nxe4 18. Qxe4 c5 19. Be3 cxd4 20. Bxd4 Nf5 21. Rh3
Nxd4 22. Qxd4 Bc5 23. Qc4 Rd5 24. Rd3 Rxe5+ 25. fxe5 Bf2+ 0-1

[Event "Mistrzostwa Polski Seniorow oraz Osob Ni"]
[Site "WZW "]
[Date "2013.10.04"]
[Round "7.7"]
[White "Nowak, Adam"]
[Black "Hucz, Alfred"]
[Result "1/2-1/2"]
[WhiteElo "1399"]
[BlackElo "2031"]
[PlyCount "80"]
[EventDate "2013.??.??"]

1. c4 Nf6 2. Nc3 g6 3. g3 Bg7 4. Bg2 O-O 5. d3 d6 6. e3 c6 7. Nge2 Nbd7 8. Rb1
a5 9. b4 axb4 10. Rxb4 Qc7 11. O-O Re8 12. Bd2 e6 13. Qb1 e5 14. Rc1 Bf8 15.
Ra4 Rxa4 16. Nxa4 Be7 17. e4 Bd8 18. Nac3 Nf8 19. h3 Ne6 20. Be3 Kg7 21. Na4 c5
22. Nac3 Ng8 23. Qb2 Bd7 24. Nd5 Qb8 25. Nb6 Bc6 26. f4 f6 27. Bf3 Qc7 28. Nd5
Qd7 29. Kf2 Rf8 30. g4 Be7 31. h4 Nd8 32. Rh1 Ne6 33. f5 Nd4 34. Bxd4 cxd4 35.
Ng3 Bxd5 36. exd5 Rb8 37. fxg6 hxg6 38. h5 Nh6 39. hxg6 Kxg6 40. Be4+ Kf7
1/2-1/2

[Event "Mistrzostwa Polski Seniorow oraz Osob Ni"]
[Site "WZW "]
[Date "2013.10.04"]
[Round "7.8"]
[White "Duda, Henryk"]
[Black "Majewski, Stanislaw"]
[Result "0-1"]
[WhiteElo "1341"]
[BlackElo "1842"]
[PlyCount "58"]
[EventDate "2013.??.??"]

1. d4 g6 2. c4 Bg7 3. Nc3 d6 4. e4 c6 5. f3 Nf6 6. Bg5 Qa5 7. Qd2 O-O 8. Bd3
Nbd7 9. Nge2 Re8 10. O-O e5 11. d5 h5 12. a3 Nh7 13. Be3 a6 14. b4 Qc7 15. Rac1
Qb8 16. f4 exf4 17. Bxf4 Ne5 18. Rc2 a5 19. dxc6 bxc6 20. b5 Be6 21. Bxe5 Bxe5
22. bxc6 Qb6+ 23. Kh1 Qxc6 24. Nb5 g5 25. Ned4 Qc5 26. Nf3 Bf4 27. Qc3 f6 28.
g3 Be5 29. Be2 Bxc3 0-1

[Event "Mistrzostwa Polski Seniorow oraz Osob Ni"]
[Site "WZW "]
[Date "2013.10.04"]
[Round "7.9"]
[White "Rusin, Ryszard"]
[Black "Grabarczyk, Edmund"]
[Result "1-0"]
[WhiteElo "1898"]
[BlackElo "1394"]
[PlyCount "50"]
[EventDate "2013.??.??"]

1. d4 Nf6 2. c4 e6 3. Nc3 c5 4. d5 a6 5. e4 exd5 6. exd5 d6 7. Bd3 Be7 8. Nf3
O-O 9. h3 h6 10. O-O b6 11. Re1 Re8 12. Qc2 Bb7 13. Bf4 Nbd7 14. Rad1 Qc7 15.
Bh2 Bf8 16. g4 Ne5 17. Bxe5 dxe5 18. g5 hxg5 19. Nxg5 Bd6 20. Nce4 Nxe4 21.
Bxe4 Bc8 22. Bg6 Re7 23. Qe4 fxg6 24. Qxg6 Kf8 25. Re4 Rf7 1-0